MDQL
is popping MORE tags! Check the
thread
!
Quizzes
Events
Quiz Creation
Community
Videos
Private Events
Remove Ads
Sign In
Join for FREE
Feedback
Dark Mode
Quiz Categories
Sports
Geography
Music
Movies
Television
Just For Fun
Miscellaneous
History
Literature
Language
Science
Gaming
Entertainment
Religion
Holiday
For Kids
Quiz Lab
Recent
Popular Today
Quiz Kudos Today
Editor Picks
Curator Picks
Quizzes by...
Day
Popularity
Type
Ratings
Length
Year
Community
Subscriptions
Recent Discussions
Orange Saloon
Badges
Playlists
Quests
Create
Leaderboards
Showdown
Live 5
Trivia Bingo
Activity
Puzzle Library
Sporcle Events
Private Events
Virtual Trivia
Globe League
Become a Host
Pub Owners
SporcleCon
Opinionation
Our Games
Videos
Blog
Mobile Apps
Partnerships
Remove Ads and Go Orange
Feedback
Sports
Athletes
MLB
NBA
NHL
NFL
Soccer
Sports Teams
WWE
NCAA
Football
Premier League
Basketball
Baseball
Hockey
Golf
Tennis
Cricket
Rugby
Auto Racing
Olympics
World Cup
Sports
Athletes
MLB
NBA
NHL
NFL
Soccer
Sports Teams
WWE
NCAA
Football
Premier League
Basketball
Baseball
Hockey
Golf
Tennis
Cricket
Rugby
Auto Racing
Olympics
World Cup
Random Quiz
Search Sporcle
×
Quiz Lab
Quiz Lab
Sports
Boxing Champions
Type in answers that appear in a list
Type in answers that appear in a list
Classic
Best Score? Go Orange.
Who did Mike Tyson knock out? Stats
Can you name the boxers Mike Tyson knocked out?
By
tink55
15m
43 Questions
180 Plays
180 Plays
180 Plays
Comments
Comments
Give Quiz Kudos
Give Quiz Kudos
-
- Ratings
hide this ad
Replay
Link that replays current quiz
Next Quiz
Link to next quiz in quiz playlist
You Got
0%
They Got
Avg Score
33%
Avg Friend Score
Upgrade to see
Score Distribution
Jump to the score distribution portion of the page
Score
0/43
Timer
15:00
0
Plays Today
Year
Boxer
% Correct
1988
Michael Spinks
81%
1986
Trevor Berbick
74.9%
1988
Larry Holmes
73.7%
1989
Frank Bruno
72.6%
1996
Frank Bruno
72.6%
1989
Carl Williams
55.3%
1987
Pinklon Thomas
54.7%
1988
Tony Tubbs
54.7%
1991
Razor Ruddock
53.1%
1986
Marvis Frazier
50.8%
1999
Francois Botha
45.8%
1996
Bruce Seldon
45.3%
1987
Tyrell Biggs
43%
1985
Michael Johnson
38.5%
1995
Buster Mathis
34.1%
1990
Alex Stewart
33.5%
1985
Hector Mercedes
31.8%
2000
Lou Savarese
31.3%
1990
Henry Tillman
30.7%
2000
Julius Francis
28.5%
1985
Sammy Scaff
27.9%
1986
Jesse Ferguson
25.7%
Year
Boxer
% Correct
1986
Jose Ribalta
24%
1986
David Jaco
22.9%
1986
Alonzo Ratliff
22.9%
1986
Mike Jameson
22.3%
1985
Don Halpin
21.8%
1985
Donnie Long
21.8%
1985
Mark Young
21.2%
2003
Clifford Ettienne
21.2%
1985
Trent Singleton
19%
1985
Don Alderson
19%
1985
Larry Sims
19%
1985
Eddie Richardson
19%
1985
Ricardo Spain
18.4%
1986
Steve Zouski
18.4%
1986
Reggie Gross
18.4%
1985
Conroy Nelson
17.9%
1985
Robert Colay
17.3%
1986
Lorenzo Boyd
15.6%
1985
Sterling Benjamin
15.1%
1985
Lorenzo Canady
14%
1986
William Hosea
13.4%
Quiz Playlist
Details
Report
Send in Message
Add To Playlist
Classic:
Type in answers that appear in a list
Last Updated: Feb 16, 2017
Quiz Scoreboard
CHALLENGE
Sign Up to Join the Scoreboard
Show All
Scores
Hide
Comments
May contain spoilers
Recently Published
1-10 Letter E Words III
by El_Dandy
Language
2m
Street Fighter Characters
by Artimus82
Gaming
60s
College Basketball Coaching Resumes
by pancakes188
Sports
9m
More to Explore
Quiz From the Vault
Featured Blog Post
Where Did the Easter Bunny Come From?
hide this ad
You Might Also Like...
Tags
Boxing
Boxing Champions
Mike Tyson
Today's Top Quizzes in Sports
Browse Sports
hide this ad
Today's Top Quizzes in Boxing Champions
Browse Boxing Champions
Top Contributed Quizzes in Sports
1
2022 World Cup Stars
2
Les meilleurs buteurs des matchs entre le PSG et l’OM
3
FIFA Club World Cup Champions
4
Les entraîneurs de l'OM et du PSG au 21e siècle
5
Criteria MLB: Left Handed Sluggers
6
2023 MLB Unique Player Accomplishments
7
AFC Teams Reveal (Wrong Answers Minefield)
8
Players with Multiple 50 Home Run Seasons
9
5-to-1: FBS Animal Nicknames
10
5-to-1: UK Sports Teams
Explore More
Trending Topics
Marvel
NBA
Disney
Anime
Kpop
Harry Potter
Crossword
Country
Soccer
Song
Pokémon
WWE
The Office
NFL
Puzzle
hide this ad
More By:
tink55
Quiz
Plays
Rating
Category
Featured
Created
NFL Playoff Sack Leaders
21,474
4.54
Sports
Jan 23, 2015
Multiple MLB Manager of the Year Awards
9,658
4.67
Sports
Mar 3, 2011
NFL Best Drafted QB's based on Career Approximate Value
1,955
3.00
Sports
May 6, 2014
50 Greatest Michigan Wolverines
948
4.50
Sports
Mar 4, 2011
Most Powerful Superheroes Ever
799
1.18
Literature
Feb 8, 2011
Go to Creator's Profile
Score Distribution
Quiz Creator Spotlight
tink55
Follow
Send a Message
Quizzes Created
-
Created Quiz Play Count
-
More By This Creator
Popular Quizzes Today
1
Find the US States - No Outlines Minefield
2
Find the Countries of Europe - No Outlines Minefield
3
The Countries of the World
4
Find the US States
5
Risky Map Clicking: Biggest States A-Z
6
US States
7
Popular People in 1961
8
Movies - When Are They Set?
More Sports Quizzes
Soccer Cities Scribble Scrabble
Published
Trending Quizzes
Risky Map Clicking: Least Populous States A-Z
Billboard Blitz: Aretha Franklin
1-10 Letter G Words
Countries of the World: 200 Million BC
1-10 Letter F Words
Recently Updated
Leaping Animals
pecheneg
Reality TV Shows (A-Z)
bhenderson79
Rickey Henderson's Hall of Fame Teammates
pecheneg
Champions League XIs: Arsenal
pecheneg
Quick Pick: Celebrities in WWE's Hall of Fame
aduchscher
A-Z Keypad Blitz II
pecheneg
Multiple Oscar Actors
pecheneg
Mystery Phrase Blitz: Oscar 'Best Actors'
pecheneg
F. Scott Fitzgerald Novels
LTH
Pick 3 Villains
ddd62291
Trending Topics
Marvel
Disney
Harry Potter
Anime
Crossword
Kpop
NBA
NFL
The Office
Song
WWE
Puzzle
Soccer
Country
Pokémon
Your Account Isn't Verified!
In order to create a playlist on Sporcle, you need to verify the email address you used during registration. Go to your
Sporcle Settings
to finish the process.
Report this User
Report this user for behavior that violates our
Community Guidelines
.
Details:
Send Report
Go to the Sporcle.com Mobile Site →
Comments